000 00561nam a22001817a 4500
005 20140613122137.0
010 _aENG-110202
020 _a9788179981399
_c275.00
035 _aEN-93734
037 _bDBAD/PUB
082 _a658.7
100 _aSudha, G.S.
245 _aProduction and materials management :
_cby G.S. Sudha
_bwith mini cases, problems and helpful hints /
260 _aJaipur
_bMalik and Co.
_c2014
270 _a337, Chaura Rasta
_bJaipur
_e302003
300 _axiv,360p.:
_c23cm(pbk)
_bill
942 _2ddc
_cEN
_mSUD
_h658.7
999 _c85068
_d85068